Aristotelis ars poetica

Saved in:
Bibliographic Details
Other Authors: García Yebra, Valentín (Editor)
Format: Book
Language:Spanish
Latin
Greek, Modern (1453- )
Published: Madrid Gredos 1974
Series:Biblioteca Romantica Hispanica, 8
Subjects:
Tags: Add Tag
No Tags, Be the first to tag this record!

MARC

LEADER 00000nam a2200000 a 4500
001 UCV8432
003 CL-VaPUC
005 20220224074253.0
008 910619e19740000SP |||||||||||||||||spa|d
999 |c 213945  |d 213943 
040 |c Pontificia Universidad Católica de Valparaíso 
041 0 7 |a spa  |2 CL-VaPUC 
041 0 7 |a lat  |2 CL-VaPUC 
041 0 7 |a gre  |2 CL-VaPUC 
082 0 4 |a 185  |b GAR  |2 21 
100 |a García Yebra, Valentín  |e editor  |9 592146 
245 1 0 |a Aristotelis ars poetica 
246 1 0 |a Poética de Aristóteles 
260 |a Madrid  |b Gredos  |c 1974 
300 |a 542 p 
490 0 |a Biblioteca Romantica Hispanica, 8 
583 |a last modification  |c 19910619 00:00:00  |k Rodrigo Vera 
650 0 |a Poética  |9 266624 
650 0 |a Estética   |9 264950 
942 |c BK  |2 ddc 
945 |d 19910619 00:00:00  |a aalvarez 
952 |0 0  |1 1  |4 0  |6 185_000000000000000_GAR_1974  |7 0  |8 A  |9 196858  |a BIBARQ  |b BIBARQ  |d 2019-11-14  |i 2646404  |o 185 GAR 1974  |p 2646404  |r 2019-11-14  |w 2019-11-14  |x Retirado en Inventario 2023  |y BK  |k ARQ 
952 |0 0  |1 0  |4 0  |6 185_000000000000000_GAR_1974  |7 0  |8 R  |9 196859  |a BIBEDU  |b BIBEDU  |c MCIRC  |d 2019-11-14  |i 2646412  |l 5  |m 2  |o 185 GAR 1974  |p 2646412  |r 2023-09-22  |s 2023-09-22  |w 2019-11-14  |y BK_R  |k LIT 
952 |0 0  |1 0  |4 0  |6 185_000000000000000_GAR_1974  |7 0  |8 R  |9 196860  |a BIBEDU  |b BIBEDU  |c MCIRC  |d 2019-11-14  |i 3068307  |o 185 GAR 1974  |p 3068307  |r 2023-01-13  |w 2019-11-14  |y BK_R  |k FIL 
952 |0 0  |1 0  |4 0  |6 185_000000000000000_GAR_1974  |7 0  |8 R  |9 196861  |a BIBEDU  |b BIBEDU  |c MCIRC  |d 2019-11-14  |i 1956493  |o 185 GAR 1974  |p 1956493  |r 2023-01-13  |w 2019-11-14  |y BK_R  |k LIT